[Event "Hannover-ch U18"]
[Site "Bueckeburg"]
[Date "2007.11.01"]
[Round "2"]
[White "Hock, Christian"]
[Black "Schoder, Michael"]
[Result "0-1"]
[WhiteElo "1140"]
[BlackElo "1327"]
[PlyCount "124"]
[EventDate "2007.11.01"]
[EventType "swiss"]
[EventRounds "7"]
[EventCountry "GER"]
[SourceTitle "EXT 2021"]
[Source "ChessBase"]
[SourceDate "2020.10.23"]
[SourceVersion "1"]
[SourceVersionDate "2020.10.23"]
[SourceQuality "1"]

1. e4 e5 2. Nf3 Nc6 3. Bb5 Nge7 4. Nc3 d6 5. d4 a6 6. Ba4 Bd7 7. d5 Nd4 8. Nxd4 exd4 9. Qxd4 h6 10. b3 b5 11. Qb4 bxa4 12. Nxa4 c6 13. Qxd6 Nxd5 14. Qe5+ Qe7 15. Qxe7+ Nxe7 16. Nb6 Ra7 17. Be3 Rb7 18. 0-0-0 Be6 19. Rd3 Ng6 20. Kb2 Be7 21. g3 0-0 22. f4 f5 23. e5 Rd8 24. Rhd1 Rxd3 25. Rxd3 Nf8 26. c4 Nd7 27. c5 Bxc5 28. Nxd7 Bxe3 29. Rxe3 Rxd7 30. Rc3 Rd2+ 31. Ka3 Bd5 32. h4 Kf7 33. Re3 Ke6 34. h5 Rh2 35. Rc3 Rxh5 36. Rc5 Rh3 37. Rc3 h5 38. Kb4 Be4 39. Kc5 Bd5 40. Kb4 a5+ 41. Kxa5 h4 42. Kb4 Rxg3 43. Rc2 Bg2 44. Rc1 h3 45. a4 h2 46. a5 h1Q 47. Rxh1 Bxh1 48. Kc5 Rxb3 49. a6 Ra3 50. Kb6 Ra4 51. Kb7 Rxf4 52. a7 Ra4 53. Kb8 c5 54. Kc7 Rxa7+ 55. Kb8 Rf7 56. Kc8 Kxe5 57. Kd8 g5 58. Ke8 Ke6 59. Kd8 Rh7 60. Kc8 Kd6 61. Kb8 Kc6 62. Ka8 Kb6+ 0-1